00576nam a2200169Ia 450000500170000000800410001702000150005808200130007324500650008626000520015130000190020350000460022270000240026894200060029295200930029899900150039120250108050359.0240331s9999 xx 000 0 und d a0706949595 bASIa950 0aAsian panorama :bessays in Asian history , past and present aNew DelhibVikas Publishing House Pvt Ltdc1990 aViii, 570 p ., aEssays in Asian History, Past and Present aDe Silva,K.M. eedt cL 001040708LaWERCLbWERCLcSSCd2024-03-31l0o 950 ASIp75r2024-03-31w2024-03-31yL c3503d3503